00693nam a2200217Ia 450000500170000000800410001702000250005804000190008304100120010208200140011410000230012824500410015125000660019226000430025830000180030165000190031985000110033894200070034999900170035695201020037320240323150952.0131103s9999 xx 000 0 und d a8187886145cRS.85.00 aLoreto College aEnglish a170 bHED aHedwig Lewis, S.J. aPersons Are GiftscS.J. Hedwig Lewis a2nd ed.b Power-filled reflections for person-centred living  aGujaratbGujarat Sahitya Prakashc2003 axviii, 237p.  aMoral Sciences aLCBED  cBK c38329d88808 00102ddc4070aMAINbMAINd2013-11-04l0o170 HED 14935pB41713r2013-11-04w2013-11-04yBKf